Country Focus (Record no. 84089)

MARC details
000 -LEADER
fixed length control field 00757cab a22002055a 4500
001 - CONTROL NUMBER
control field L156575
008 - FIXED-LENGTH DATA ELEMENTS--GENERAL INFORMATION
fixed length control field 120611e20120601xxk 000 0 eng d
035 ## - SYSTEM CONTROL NUMBER
System control number (Sirsi) u156575
041 0# - LANGUAGE CODE
Language code of text/sound track or separate title eng
100 1# - MAIN ENTRY--PERSONAL NAME
Personal name Warburton, Richard
245 00 - TITLE STATEMENT
Title Country Focus
Remainder of title Singapore
260 ## - PUBLICATION, DISTRIBUTION, ETC.
Date of publication, distribution, etc. 2012
490 ## - SERIES STATEMENT
Series statement Building
Volume/sequential designation 277 (8730) 1 June 2012, 50-52(2)
520 ## - SUMMARY, ETC.
Summary, etc. Singapore economic overview mentions the key infrastructure projects that are ensuring workload remains steady. Includes an economic overview, information on public housing, private residential development, commercial, infrastructure and the retail sector market.
590 ## - LOCAL NOTE (RLIN)
Local note KA
651 #4 - SUBJECT ADDED ENTRY--GEOGRAPHIC NAME
Geographic name Singapore
690 ## - LOCAL SUBJECT ADDED ENTRY--TOPICAL TERM (OCLC, RLIN)
Topical term or geographic name as entry element Construction management
9 (RLIN) 6230
710 ## - ADDED ENTRY--CORPORATE NAME
Corporate name or jurisdiction name as entry element EC Harris
9 (RLIN) 4930
942 ## - ADDED ENTRY ELEMENTS (KOHA)
Suppress in OPAC 0
Holdings
Withdrawn status Lost status Source of classification or shelving scheme Damaged status Not for loan Home library Current library Shelving location Date acquired Total Checkouts Full call number Barcode Date last seen Copy number Price effective from Koha item type
    Dewey Decimal Classification     London London Journal article 11/06/2012   L156575 156575-1001 06/08/2019 1 06/08/2019 Journal article